000 00434nam a2200169 a 4500
001 0000-9165
003 ELIB.Books
008 110520 1975
035 _a(ELIB.Books)0000-9317
082 _a220.07
_bMil
100 _aMiller, Donald E.
245 _aUsing Biblical Simulations, Volume II
260 _bValley Forge: Judson Press
_c1975
650 _aBible
942 _2ddc
_cBK
998 _cbat
_e2011-05-20
999 _c9165
_d9165